000 00315nam a22001457a 4500
020 _a93-84894-13-9
082 _a894.812.1
_bSUR/D
100 _aSURENDRAN V.U
245 _aPUTHUNOTTANGAL
260 _aTHRISSUR
_bSARGASREE PUBLICATION
_c2015
300 _a64
520 _aPOETRY
650 _aPOETRY
942 _cBK
999 _c4228
_d4228